000 01615nam a2200337 i 4500
003 DO-SdBNP
005 20260305131708.0
007 ta
008 240322b2023 dr a|||| |||| 00| 0 spa d
020 _a9789945931624
040 _aDO-SdBNP
_bspa
_cBNPHU
_erda
041 _aspa
082 4 _a344.0947293
_bD671p
_222
100 _aDomínguez Rodríguez, Mauricia,
_eautor
_4aut.
_910026
245 1 0 _aPatrimonio nacional :
_bjoyas dominicanas de la cultura y la naturaleza /
_cMauricia Domínguez Rodríguez, Manuel Garcia Arévalo, Pedro Morales, Frank Moya Pons, Juan Mubarak
264 1 _aSanto Domingo :
_bBanco Popular,
_c2023.
300 _a308 páginas :
_bilustraciones ;
_c32 cm.
336 _atexto
_btxt
_2rdacontent
337 _asin mediación
_bn
_2rdamedia
338 _avolumen
_bnc
_2rdacarrier
505 _aPresentación 5 -- Prologo 7 -- Introducción 11 -- El patrimonio material: mueble e inmueble 23 -- La arqueología, los museos y el acervo prehistórico nacional 121 -- Patrimonio cultural subacuático 145 -- Génesis y transformación de la cultura dominicana: una mirada panorámica 173 -- El patrimonio natural dominicano: defensa y conservación 219
590 _aInventariado, 2024/DG
650 4 _aPatrimonio cultural
_zRepública Dominicana
_942642
650 4 _aBienes culturales
_zRepública Dominicana
_985089
700 1 _aGarcía Arévalo, Manuel Antonio,
_eautor
_4aut.
_9172
700 _aMorales, Pedro,
_eautor
_4aut.
_981564
700 1 _aMubarak Pérez, Juan,
_eautor
_4aut.
_985090
700 1 _aMoya Pons, Frank,
_eautor
_4aut.
_984999
910 _aDG
942 _2ddc
_cLBS1
999 _c56186
_d56186